Designing flexible cashflows (Record no. 103169)

MARC details
000 -LEADER
fixed length control field 01118cam a2200229 4500
008 - FIXED-LENGTH DATA ELEMENTS--GENERAL INFORMATION
fixed length control field 031031n2003 000 0 eng u
020 ## - INTERNATIONAL STANDARD BOOK NUMBER
International Standard Book Number 0728204207
035 ## - SYSTEM CONTROL NUMBER
System control number (Sirsi) u124205
041 ## - LANGUAGE CODE
Language code of text/sound track or separate title eng
050 ## - LIBRARY OF CONGRESS CALL NUMBER
Classification number 333.332
100 ## - MAIN ENTRY--PERSONAL NAME
Personal name Fawcett, Scott
245 ## - TITLE STATEMENT
Title Designing flexible cashflows
260 ## - PUBLICATION, DISTRIBUTION, ETC.
Place of publication, distribution, etc. London
Name of publisher, distributor, etc. Estates Gazette
Date of publication, distribution, etc. 2003
300 ## - PHYSICAL DESCRIPTION
Extent xvii,97p. ; 24cm.
350 ## - PRICE (NR) (BK AM CF MU VM SE) [OBSOLETE]
Price 23.00
520 ## - SUMMARY, ETC.
Summary, etc. Whether calculating a net present value, assessing an internal rate of return, or considering the impact of debt on a transaction when analysing investments in property, it is very hard to get away from the need for cashflows. This book offers to help you to develop your own approach to tackling the day-to-day analysis of property investments as well as developing an awareness of a wide variety of different techniques and approaches to ensure that, when faced with unique or unusual situations, a modelling solution can be found.
650 ## - SUBJECT ADDED ENTRY--TOPICAL TERM
Topical term or geographic name entry element CASH FLOWS
650 ## - SUBJECT ADDED ENTRY--TOPICAL TERM
Topical term or geographic name entry element DEVELOPMENT APPRAISAL
650 ## - SUBJECT ADDED ENTRY--TOPICAL TERM
Topical term or geographic name entry element PROPERTY INVESTMENT
690 ## - LOCAL SUBJECT ADDED ENTRY--TOPICAL TERM (OCLC, RLIN)
Topical term or geographic name as entry element PROPERTY-PROPERTY APPRAISAL AND VALUATION
942 ## - ADDED ENTRY ELEMENTS (KOHA)
Suppress in OPAC 0
Holdings
Withdrawn status Lost status Source of classification or shelving scheme Damaged status Not for loan Home library Current library Shelving location Date acquired Cost, normal purchase price Total Checkouts Full call number Barcode Date last seen Date last checked out Copy number Cost, replacement price Price effective from Koha item type
    Dewey Decimal Classification     London London Books 27/11/2003 23.00 43 333.332 FAW 30068903 06/08/2019 12/08/2009 1 23.00 06/08/2019 Book